От държавен социализъм към посткомунистически капитализъм (Запис номер 372423)
[ съкратено ]
| 000 -Лидер | |
|---|---|
| Контролно поле с фиксирана дължина | nam a22 7a 4500 |
| 003 - Код на организацията, давaща контролен номер | |
| Контролно поле | BLK |
| 005 - Дата и час на последна редакция | |
| Контролно поле | 20200825172322.0 |
| 008 - Елементи от данни с фиксирана дължина | |
| fixed length control field | 200702b bu ||||| |||| 00| 0 bu d |
| 020 ## - Международен стандартен номер на книга ISBN | |
| Международен стандартен номер на книга ISBN | 9786190105022 |
| 040 ## - Източник на каталожния запис | |
| Идентификатор на билиотеката - собственик на записа | BLK |
| 041 ## - Код за език | |
| Код за езика на текст/звукозапис или на отделно заглавие | Български |
| Код за езика КДБФ | Български |
| 080 ## - УДК | |
| Текстов определител УДК | Социалистическо и комунистическо общество - като социална система. Безкласови общества |
| УДК код - определител по УДК | 316.323.7 |
| УДК - код + определител | 316.323.7 |
| 080 ## - УДК | |
| Текстов определител УДК | Капиталистическо общество - като социална система |
| УДК код - определител по УДК | 316.323.6 |
| УДК - код + определител | 316.323.6 |
| 100 ## - Редна дума - Автор | |
| R(LIN) | 383524 |
| Автор | Селени, Иван |
| Авторска отговорност | първи автор |
| 139 ## - Редно поле | |
| Редна дума | Селени, Иван |
| Авторски знак | Сек - С 31 |
| 245 ## - Сведения за заглавието | |
| Заглавие | От държавен социализъм към посткомунистически капитализъм |
| Подзаглавни данни | Критически поглед |
| Редно поле (дума) | Иван Селени ; състав. Иван Селени ; прев. от англ. Аглика Маркова |
| 260 ## - Област на издателските данни | |
| 9 (RLIN) | 210881 |
| Място на издаване, разпространение и проч. | София |
| Име на издателя, разпространителя и проч. | Изток-Запад |
| Година на издаване | 2019 |
| Издателство - префикс ISBN | 978-619-01- ; 978-619-152- ; 978-954-321- ; 954-8945- |
| 300 ## - Физическа характеристика | |
| Страници | 443 с. |
| Илюстрации и др. | с табл., сх. |
| Размери/Мащаб | 24 см |
| 380 ## - Жанр | |
| Жанр | Обществени науки |
| 500 ## - Общи забележки | |
| Забележка | Биогр. данни за авт. отбелязани на гърба на кор.<br/>Съдържа и статии в съавторство с: Юджийн Литуан, Балаш Селени, Бил Мартин, Соня Селени, Янош Ладани, Гил Ейал, Елинор Таунси, Лорънс П. Кинг, Тамаш Силаги<br/>Библиогр. след отд. статии<br/>Рез. на бълг. ез. |
| 700 ## - Други автори (авторска отговорност) | |
| 9 (RLIN) | 403339 |
| Лично име | Маркова, Аглика Йосифова |
| Автороска отговорност (Описва отношението между автора и произведението) | прев. от англ. |
| 852 ## - Местоположение | |
| Форматна сигнатура | Цб 299682 |
| Фондова буква | Хранилище |
| 999 ## - СИСТЕМНИ КОНТРОЛНИ НОМЕРА | |
| Koha biblionumber | 372423 |
| Koha biblioitemnumber | 372423 |
| 942 ## - АРТИКУЛИ | |
| Вид на библиотечния материал | Книги |
| Скрит в OPAC | Не |
| Периодичен библиозапис | Да |
| 944 ## - СЪЗДАВАНЕ И РЕДАКЦИЯ на ЗАПИСА | |
| Създаване/Редакция | Създаване |
| Дата на регистрацията/редакция | 2020-07-02 |
| Служител, извършил регистрацията/редакцията | В. Ганчева |
| 999 ## - СИСТЕМНИ КОНТРОЛНИ НОМЕРА | |
| Koha biblioitemnumber | 372423 |
| 999 ## - СИСТЕМНИ КОНТРОЛНИ НОМЕРА | |
| Koha biblioitemnumber | 372423 |
| Код за отписване | Код за изгубен артикул | Източник на класификационната схема | Код за повреда | Коз за рестрикции | Код за отдаване | Артикулен № | Име на библиотеката - собственик | Име на библиотеката, в която се намира в момента | Статус (Текущо местоположение) | Дата на вписване в системата | Местоположение - отдел | Цена в лева | Инвентарен номер | Систематично азбучна сигнатура | Баркод | Цена в евро | Служебен тип на артикула |
|---|---|---|---|---|---|---|---|---|---|---|---|---|---|---|---|---|---|
| Не е изгубен | Universal Decimal Classification | Не е повреден | само за читалня | ползва се в читалня | 780548 | Регионална библиотека "Любен Каравелов" Русе | Регионална библиотека "Любен Каравелов" Русе | Хранилище | 2020-07-03 | Хранилище | 25.00 | 120000844405 | Цб 299682 | 120000844405 | 12.78 | Книги |